Osobnost a její začlenění do společenských vztahů

Hlavní autor: Novák, Jaroslav, filozof
Jazyk: Čeština
Vydáno: Praha, 1975
Knihy
Uloženo v:
LEADER 00501nam a22001692a 4500
001 000112476
003 CZ BrMZK
005 20051003094713.0
007 ta
008 950101s1975 xr f cze d
040 |a BOA001  |b cze 
100 1 |a Novák, Jaroslav,  |c filozof 
245 1 0 |a Osobnost a její začlenění do společenských vztahů 
260 |a Praha,  |c 1975 
910 |a BOA001  |b 4-0749.736 
990 |a BK 
996 7 |b 2619964847  |c 4-0749.736  |l MZK  |r Sklad / do 1 hodiny  |n 8  |w 000112476  |u 000010  |a 1  |e BOA001  |j MZK50  |s A